All London Stations (Inner London III) - Statistics

General Stats
  • This quiz has been taken 6 times
  • The average score is 49 of 52
Answer Stats
Line(s) Answer Borough % Correct
Nort Angel Islington
100%
Nort Archway Islington
100%
Picc Arsenal Islington
100%
Nort Belsize Park Camden
100%
Picc Caledonian Road Islington
100%
Over Caledonian Road & Barnsbury Islington
100%
Over Camden Road Camden
100%
Nort Camden Town Camden
100%
Nort Chalk Farm Camden
100%
Over Dalston Junction Hackney
100%
Over Dalston Kingsland Hackney
100%
Nort/Vict/LNW/Over Euston Camden
100%
Metr/Hamm/Circ Euston Square Camden
100%
Eliz/Metr/Hamm/Circ/Tl Farringdon Islington
100%
Jubi/Metr Finchley Road Camden
100%
Vict/Picc/GNn/Tl Finsbury Park Islington
100%
Nort Goodge Street Camden
100%
Over Gospel Oak Camden
100%
Over Haggerston Hackney
100%
Nort Hampstead Camden
100%
Over Hampstead Heath Camden
100%
Vict/Picc/GNn Highbury & Islington Islington
100%
Picc/Cent Holborn Camden
100%
Picc Holloway Road Islington
100%
Over Hoxton Hackney
100%
Nort/Tl Kentish Town Camden
100%
Over Kentish Town West Camden
100%
Nort/Vict/Picc/Metr/Hamm/ Circ/EM/GNn/SEh/Tl Kings Cross St Pancras Camden
100%
Over London Fields Hackney
100%
Picc Manor House Hackney
100%
Nort Mornington Crescent Camden
100%
Picc Russell Square Camden
100%
Jubi Swiss Cottage Camden
100%
Nort Tufnell Park Camden
100%
Nort/Vict Warren Street Camden
100%
Jubi/Tl/Over West Hampstead Camden
100%
Over Canonbury Islington
83%
Over Clapton Hackney
83%
Over Crouch Hill Islington
83%
GNn Drayton Park Islington
83%
GNn Essex Road Islington
83%
Over Finchley Road & Frognal Camden
83%
GAn/Over Hackney Central Hackney
83%
Over Hackney Downs Hackney
83%
Over Hackney Wick Hackney
83%
Over Homerton Hackney
83%
Nort/GNn Old Street Islington
83%
Over Rectory Road Hackney
83%
Over Stamford Hill Hackney
83%
Over Stoke Newington Hackney
83%
Over Upper Holloway Islington
83%
Over South Hampstead Camden
67%
No matching quizzes found
Score Distribution
Percent of People with Each Score
Percentile by Number Answered
Your Score History
You have not taken this quiz